| 000 | 00535nam a22001577a 4500 | ||
|---|---|---|---|
| 003 | OSt | ||
| 005 | 20151229093955.0 | ||
| 008 | 151229b xxu||||| |||| 00| 0 eng d | ||
| 040 | _cRUA | ||
| 082 | _aAGI KHO 2005 B274 Or.1 | ||
| 100 |
_95677 _aKHOV, SOKLY. |
||
| 245 | _aProcess of family groundnut oil extraction (ដំណើរការចំរាញ់ប្រេងសណ្ដែកដីជាលក្ខណះគ្រួសារ) | ||
| 260 |
_aPhnom Penh _bRUA _c2005 |
||
| 300 |
_avii, 35p. _bill. _c29cm. |
||
| 942 |
_2ddc _cAGI |
||
| 999 |
_c5287 _d5287 |
||